Heat exchangers.
Guardado en:
| Autor Corporativo: | |
|---|---|
| Formato: | Libro |
| Idioma: | English |
| Publicado: |
East Stroudsburg, Pa :
Patterson-Kelly co.,
1959.
|
| Materias: | |
| Etiquetas: |
Agregar Etiqueta
Sin Etiquetas, Sea el primero en etiquetar este registro!
|
| LEADER | 00734nam a22002055a 4500 | ||
|---|---|---|---|
| 001 | EIQ.libpla002848 | ||
| 008 | 070904s1959####pauao#########000#0#eng#d | ||
| 005 | 20070904150908.0 | ||
| 245 | 0 | 0 | |a Heat exchangers. |
| 260 | |a East Stroudsburg, Pa : |b Patterson-Kelly co., |c 1959. | ||
| 300 | |a 1 v. (en varias paginaciones) : |b il. (algunas col.), fotos ; |c 30 cm. | ||
| 500 | |a "Manual Nº 700-A". | ||
| 500 | |a Datos tomados de la cubierta. | ||
| 710 | 2 | |a Patterson-Kelly co. | |
| 650 | 4 | |a Procesos |x Intercambiadores de calor. | |
| 650 | 4 | |a Procesos |x Diseño de equipos. | |
| 650 | 4 | |a Processes |x Heat exchangers. | |
| 650 | 4 | |a Processes |x Design of equipment. | |
| 040 | |a AR-BbSID |b spa |c AR-BbSID | ||
| 859 | |a AR-BbSID |b BIB. PLAPIQUI |h 660.283 |i H 351 |p 1691 | ||
